| 000 | 00620cam a22001577a 4500 | ||
|---|---|---|---|
| 008 | 180718b2004 xxu||||| |||| 00| 0 eng d | ||
| 100 | _aAgenor, Pierre-Richard | ||
| 245 |
_aLabor market reforms, growth, and unemployment in labor exporting countries in the middle east and north Africa _cby Pierre-Richard Agenor, et.al. |
||
| 260 |
_aWashington, D.C. _bWorld Bank _c2004 |
||
| 300 | _a64p. | ||
| 440 | _aPolicy research working paper; no. 3328 | ||
| 650 | _aLabor market --Africa, North | ||
| 650 | _aManpower policy --Africa, North | ||
| 650 | _aLabor market --Middle East | ||
| 650 | _aManpower policy --Middle East | ||
| 999 |
_c291750 _d291750 |
||